000 00756nam a22001817a 4500
005 20231116103850.0
010 _aHIN-126274
020 _a9788195518579
_c300.00
035 _aHN-98620
037 _bDBAD/PUB
082 _a
100 _aभारद्वाज,महेश
_958744
245 _aअवतारों की श्रेष्ठ कहानिया/
_cमहेश भारद्वाज
260 _aनई दिल्ली
_bसुनील साहित्य सदन
_c 2022
270 _a3320 - 21 , जटवाडा , दरियागंज
_bनई दिल्ली
_e 110002
300 _a120 पृष्ठ
_c23cm (सजिल्द)
942 _cHN
_h
_2ddc
_mभारद्वा
999 _c198999
_d198999